The noble scholar, jurist, historian


 His Excellency Dr. Abdul Wahhab bin Ibrahim Abu Sulaiman, may Allah have mercy on him.


 He was born in Umm Al-Qura in the year 1356 AH.

تحفة الطالبين في قسم المعاملات من فقه الإمام الشافعي / (Record no. 2124)

MARC details
000 -LEADER
fixed length control field 01058cam a2200253 i 4500
003 - CONTROL NUMBER IDENTIFIER
control field SA-RiAUC
005 - DATE AND TIME OF LATEST TRANSACTION
control field 20241106142643.0
008 - FIXED-LENGTH DATA ELEMENTS--GENERAL INFORMATION
fixed length control field 241028s1985 iq g 00000 ara c
040 ## - CATALOGING SOURCE
Original cataloging agency SA-RiKSU
Language of cataloging ara
Transcribing agency SA-RiAUC
Description conventions rda
082 04 - DEWEY DECIMAL CLASSIFICATION NUMBER
Classification number 253
090 ## - LOCALLY ASSIGNED LC-TYPE CALL NUMBER (OCLC); LOCAL CALL NUMBER (RLIN)
Classification number (OCLC) (R) ; Classification number, CALL (RLIN) (NR) 253
Local cutter number (OCLC) ; Book number/undivided call number, CALL (RLIN) ب ا ن
100 1# - MAIN ENTRY--PERSONAL NAME
Personal name بانكي، صالح الكوزة،
Dates associated with a name 1890-1974
Relator term مؤلف.
245 10 - TITLE STATEMENT
Title تحفة الطالبين في قسم المعاملات من فقه الإمام الشافعي /
Statement of responsibility, etc. تأليف صالح الكوزة بانكي ؛ إعداد عبد الحكيم عثمان صالح.
264 #1 - PRODUCTION, PUBLICATION, DISTRIBUTION, MANUFACTURE, AND COPYRIGHT NOTICE
Place of production, publication, distribution, manufacture الموصل، العراق :
Name of producer, publisher, distributor, manufacturer مكتبة بسام،
Date of production, publication, distribution, manufacture, or copyright notice 1985
300 ## - PHYSICAL DESCRIPTION
Extent 317 صفحة؛
Dimensions 24 سم.
336 ## - CONTENT TYPE
Content type term نص
Content type code txt
Source rdacontent
Materials specified كتاب
337 ## - MEDIA TYPE
Media type term بدون وسيط
Media type code n
Source rdamedia
338 ## - CARRIER TYPE
Carrier type term مجلد
Carrier type code nc
Source rdacarrier
650 #7 - SUBJECT ADDED ENTRY--TOPICAL TERM
Topical term or geographic name entry element الفقه الشافعي
Source of heading or term aucsh
650 #7 - SUBJECT ADDED ENTRY--TOPICAL TERM
Topical term or geographic name entry element المعاملات (فقه إسلامي)
Source of heading or term aucsh
700 1# - ADDED ENTRY--PERSONAL NAME
Personal name صالح، عبد الحكيم عثمان
Title of a work معد.
942 ## - ADDED ENTRY ELEMENTS (KOHA)
Source of classification or shelving scheme Dewey Decimal Classification
Koha item type Books
Suppress in OPAC No
949 ## - LOCAL PROCESSING INFORMATION (OCLC)
a SA-JeALM
d 241028
u mohamedma123
n 1
Holdings
Withdrawn status Lost status Source of classification or shelving scheme Damaged status Not for loan Home library Current library Date acquired Total checkouts Full call number Barcode Date last seen Price effective from Koha item type
    Dewey Decimal Classification     DR AbdElwahab Library DR AbdElwahab Library 11/06/2024   253 ب ا ن 000003231 11/06/2024 11/06/2024 Books